000 00582nab a2200217 a 4500
001 56831
003 127980
005 20201118103243.0
008 ||||||n9999 ||| || ||
041 _aspa
245 0 _aLos ninos y la seguridad para usar un producto
260 _aMéxico :
_bAmerican Marketing Association,
_c1980.
300 _app.3-11
562 _e0
650 _aANALISIS TECNICO
650 _aDISEÑO INDUSTRIAL
650 _aNIÑOS
650 _aPREVENCION DE CALAMIDADES
773 _054422
_aJournal of Marketing en Espanol - No.15
942 _cSART
999 _c56831
_d56831